000 01071nam a2200265 i 4500
001 35941
003 ES-MaACL
005 20250808063149.0
007 t|
008 030214s1947 mx ||||1| spa d
100 1 _aBrogan, D. W.
_931867
245 1 0 _aFrancia 1870-1939 /
_cD.W. Brogan ; versión española de Vicente Herrero.
250 _a[1ª ed. en español].
260 _aMéxico, etc. :
_bFondo de Cultura Económica,
_c[1947] (
_fGráfica Panamericana)
300 _a897 p. ;
_c24 cm.
510 _aCCPB,
_c000983622-5
650 7 _aHistoria
_2embne
_9179933
651 4 _aFrancia-
_xHistoria
_98679
700 1 _aHerrero, Vicente.
_963286
852 _aES-MaACL
_jD-6382
_bR.30141
_bR.M. 5977
_cSVI
_fSello en tinta azul de la Biblioteca del Ateneo de Madrid
_gAnotación manuscrita en hoja de guarda: "165.-"
_xEncuadernación en tela azul
_937247
942 _2udc
_cMONOGRAFIA
999 _c35941
_d35941